[Event "Bamberg op 1st"]
[Site "Bamberg"]
[Date "2018.05.10"]
[Round "2"]
[White "Petz, Stephan"]
[Black "Vogel, Roven"]
[Result "0-1"]
[WhiteElo "2162"]
[BlackElo "2449"]
[PlyCount "98"]
[EventDate "2018.05.09"]
[EventType "swiss"]
[EventRounds "7"]
[EventCountry "GER"]
[SourceTitle "CBM 184 Extra"]
[Source "ChessBase"]
[SourceDate "2018.06.28"]
[SourceVersion "1"]
[SourceVersionDate "2018.06.28"]
[SourceQuality "1"]

1. e4 c5 2. c3 Nf6 3. e5 Nd5 4. d4 cxd4 5. Nf3 e6 6. cxd4 d6 7. exd6 Bxd6 8. Nc3 Nxc3 9. bxc3 Qc7 10. Qd3 Nd7 11. Be2 b6 12. Ng5 Bb7 13. Bf3 Nf6 14. Qb5+ Ke7 15. Bb2 h6 16. Bxb7 Qxb7 17. Nf3 Qe4+ 18. Qe2 Rhc8 19. Rc1 Rc7 20. Rc2 Rac8 21. 0-0 Qxe2 22. Rxe2 Nd5 23. Rfe1 Kf8 24. Ne5 Nxc3 25. Re3 Nxa2 26. Ba3 Bxa3 27. Rxa3 Nb4 28. Rf3 Kg8 29. g4 Nc6 30. Rd3 Nxe5 31. Rxe5 Rc3 32. Rd2 Rc2 33. Ree2 Rxd2 34. Rxd2 Rc1+ 35. Kg2 Rb1 36. f4 Kf8 37. Rc2 a5 38. Kf3 a4 39. Ke4 Re1+ 40. Kd3 b5 41. Rc7 a3 42. Ra7 b4 43. Kc4 Rb1 44. Kc5 g6 45. Kd6 Re1 46. f5 gxf5 47. gxf5 exf5 48. d5 f4 49. Ra8+ Kg7 0-1

[Event "Werther Schloss op-A 16th"]
[Site "Werther"]
[Date "2010.03.26"]
[Round "2"]
[White "Petz, Stephan"]
[Black "Matamoros Franco, Carlos S"]
[Result "0-1"]
[WhiteElo "2169"]
[BlackElo "2540"]
[PlyCount "110"]
[EventDate "2010.03.25"]
[EventType "swiss"]
[EventRounds "5"]
[EventCountry "GER"]
[SourceTitle "CBM 135 Extra"]
[Source "ChessBase"]
[SourceDate "2010.05.04"]
[SourceVersion "1"]
[SourceVersionDate "2010.05.04"]
[SourceQuality "1"]

1. e4 e6 2. d4 d5 3. Nd2 c5 4. c3 cxd4 5. cxd4 dxe4 6. Nxe4 Nf6 7. Nc3 Be7 8. Nf3 0-0 9. Bc4 a6 10. a4 Nc6 11. 0-0 Qd6 12. d5 Na5 13. Ba2 exd5 14. Nxd5 Nxd5 15. Qxd5 Qxd5 16. Bxd5 Rd8 17. Ba2 Be6 18. Bxe6 fxe6 19. Bg5 Bf6 20. Rfe1 Kf7 21. Re2 Rd5 22. Bxf6 gxf6 23. Rc2 Rad8 24. Rc7+ R8d7 25. Rxd7+ Rxd7 26. h4 h5 27. b4 Nc6 28. b5 axb5 29. axb5 Ne7 30. Ra7 e5 31. Kf1 Nf5 32. g3 Nd6 33. Ra5 Rc7 34. Ke2 Rc2+ 35. Ke3 Rc3+ 36. Ke2 Rb3 37. Nd2 Rxb5 38. Rxb5 Nxb5 39. Ne4 Nd4+ 40. Kd3 b5 41. Nd2 Ke6 42. Ne4 b4 43. f4 b3 44. Kc3 Kf5 45. Nd6+ Kg4 46. Ne4 Ne2+ 47. Kxb3 Nxg3 48. Nxf6+ Kxf4 49. Kc2 e4 50. Kd2 Kf3 51. Ke1 e3 52. Nd5 Nf5 53. Kf1 e2+ 54. Ke1 Nxh4 55. Ne3 Ng2+ 0-1

[Event "Dortmund op"]
[Site "Dortmund"]
[Date "2009.07.08"]
[Round "5"]
[White "Becker, Marcel"]
[Black "Petz, Stephan"]
[Result "1-0"]
[WhiteElo "2363"]
[BlackElo "1912"]
[PlyCount "63"]
[EventDate "2009.07.04"]
[EventType "swiss"]
[EventRounds "9"]
[EventCountry "GER"]
[SourceTitle "CBM 131 Extra"]
[Source "ChessBase"]
[SourceDate "2009.09.03"]
[SourceVersion "2"]
[SourceVersionDate "2009.09.16"]
[SourceQuality "1"]

1. d4 c5 2. d5 g6 3. c4 Bg7 4. e4 d6 5. Nc3 Nf6 6. h3 Na6 7. Nf3 0-0 8. Bg5 Nc7 9. Bd3 Rb8 10. 0-0 Bd7 11. a4 Na6 12. Nb5 Ra8 13. e5 dxe5 14. Nxe5 Nb4 15. Nxd7 Nxd7 16. Re1 Ne5 17. Bf1 a6 18. Nc3 h6 19. Be3 Qc8 20. Na2 Nxa2 21. Rxa2 Rd8 22. b3 Kh8 23. Qb1 b6 24. Bf4 f6 25. Bg3 Qd7 26. h4 Re8 27. h5 Qg4 28. Be2 Qg5 29. Bh2 Qf5 30. Qd1 Qd7 31. f4 Nf7 32. hxg6 1-0

[Event "Dortmund op"]
[Site "Dortmund"]
[Date "2009.07.04"]
[Round "1"]
[White "Kuempers, Ulrich"]
[Black "Petz, Stephan"]
[Result "0-1"]
[WhiteElo "2110"]
[BlackElo "1912"]
[PlyCount "76"]
[EventDate "2009.07.04"]
[EventType "swiss"]
[EventRounds "9"]
[EventCountry "GER"]
[SourceTitle "CBM 131 Extra"]
[Source "ChessBase"]
[SourceDate "2009.09.03"]
[SourceVersion "2"]
[SourceVersionDate "2009.09.16"]
[SourceQuality "1"]

1. d4 c5 2. d5 g6 3. c4 Bg7 4. e4 d6 5. Be2 Nf6 6. Nc3 Na6 7. f4 0-0 8. Nf3 Bd7 9. e5 Ne8 10. 0-0 Qb8 11. e6 fxe6 12. dxe6 Bxe6 13. Ng5 Bd4+ 14. Kh1 Nac7 15. Bd3 Bf5 16. Bxf5 Rxf5 17. Qe2 h6 18. g4 Rf6 19. Nce4 hxg5 20. Nxf6+ Nxf6 21. fxg5 Nd7 22. Qxe7 Qe8 23. Re1 Be5 24. Qxe8+ Rxe8 25. Bd2 Nb6 26. Ba5 Ne6 27. Bxb6 axb6 28. h4 Bg3 29. Re2 Bxh4 30. Rd1 Bg3 31. Rd3 Be5 32. Rb3 Nd4 33. Rxe5 dxe5 34. Rxb6 e4 35. Kg2 e3 36. Rxg6+ Kf7 37. Rf6+ Kg7 38. Kf1 e2+ 0-1

[Event "Dortmund Sparkassen op-B"]
[Site "Dortmund"]
[Date "2006.08.01"]
[Round "4"]
[White "Ziemek, Gerhard"]
[Black "Petz, Stephan"]
[Result "0-1"]
[WhiteElo "1662"]
[BlackElo "1753"]
[PlyCount "80"]
[EventDate "2006.07.28"]
[EventType "swiss"]
[EventRounds "9"]
[EventCountry "GER"]
[SourceTitle "CBM 113 Extra"]
[Source "ChessBase"]
[SourceDate "2006.09.14"]
[SourceVersion "1"]
[SourceVersionDate "2006.09.14"]
[SourceQuality "1"]

1. d4 c5 2. d5 Nf6 3. Nf3 Ne4 4. Qd3 f5 5. c4 Qa5+ 6. Nc3 g6 7. Ng5 Nd6 8. Bd2 Qc7 9. e4 Bg7 10. Be2 h6 11. e5 Bxe5 12. Nf3 Bf6 13. 0-0 a6 14. a4 Nf7 15. Rae1 Qd6 16. Be3 b6 17. Bc1 Bb7 18. g3 e5 19. dxe6 dxe6 20. Qxd6 Nxd6 21. Bf4 Ke7 22. Rd1 Nf7 23. Rfe1 Nd7 24. h3 g5 25. Bc1 Rad8 26. Nh2 Nde5 27. f4 gxf4 28. Bxf4 h5 29. Kf2 Ng6 30. Bc7 Bd4+ 31. Kf1 Rc8 32. Bxb6 h4 33. g4 Nfe5 34. Rxd4 cxd4 35. Bxd4 Rhf8 36. gxf5 Rxf5+ 37. Kg1 Nf4 38. Ng4 Rg8 39. Kh2 Nxe2 40. Bxe5 Rf2+ 0-1

[Event "NRW-ch U18"]
[Site "Kranenburg"]
[Date "2005.04.01"]
[Round "6"]
[White "Schehl, Michael"]
[Black "Petz, Stephan"]
[Result "1-0"]
[WhiteElo "1488"]
[BlackElo "1839"]
[PlyCount "114"]
[EventDate "2005.03.28"]
[EventType "swiss"]
[EventRounds "7"]
[EventCountry "GER"]
[SourceTitle "CBM 105 Extra"]
[Source "ChessBase"]
[SourceDate "2005.05.01"]
[SourceVersion "1"]
[SourceVersionDate "2005.05.01"]
[SourceQuality "1"]

1. d4 c5 2. Nf3 Nf6 3. Bf4 g6 4. e3 Bg7 5. c3 d5 6. Nbd2 0-0 7. Bd3 Nc6 8. 0-0 Re8 9. Re1 c4 10. Bc2 b5 11. e4 Nh5 12. Bg3 Nxg3 13. hxg3 e6 14. exd5 exd5 15. Rxe8+ Qxe8 16. Qe1 Bg4 17. Qxe8+ Rxe8 18. Re1 Rxe1+ 19. Nxe1 b4 20. Nef3 Bh6 21. Ba4 bxc3 22. bxc3 Ne7 23. Kf1 Kf8 24. Ke1 Nc8 25. Ne5 Be6 26. Nc6 Nd6 27. Nxa7 Bxd2+ 28. Kxd2 Ne4+ 29. Kc2 Nxf2 30. Bc6 Bf5+ 31. Kc1 Be4 32. a4 Ke7 33. Nb5 Nd3+ 34. Kd2 Nb2 35. a5 Bxg2 36. a6 Na4 37. a7 Nb6 38. a8Q Nxa8 39. Bxa8 h5 40. Ke3 g5 41. Nc7 Kd6 42. Ne8+ Ke7 43. Ng7 Kf6 44. Nxh5+ Kg6 45. g4 f5 46. Kf2 Bh3 47. Ng3 Bxg4 48. Bxd5 f4 49. Ne2 Kf5 50. Bxc4 Ke4 51. Bb5 Kd5 52. c4+ Ke6 53. Nc3 Bf5 54. c5 Ke7 55. Nd5+ Kd8 56. Kf3 Bg6 57. Nxf4 gxf4 1-0

[Event "NRW-ch U18"]
[Site "Kranenburg"]
[Date "2005.03.29"]
[Round "2"]
[White "Van der Kolk, Janot"]
[Black "Petz, Stephan"]
[Result "0-1"]
[WhiteElo "1287"]
[BlackElo "1839"]
[PlyCount "56"]
[EventDate "2005.03.28"]
[EventType "swiss"]
[EventRounds "7"]
[EventCountry "GER"]
[SourceTitle "CBM 105 Extra"]
[Source "ChessBase"]
[SourceDate "2005.05.01"]
[SourceVersion "1"]
[SourceVersionDate "2005.05.01"]
[SourceQuality "1"]

1. e4 c5 2. d3 Nc6 3. Nf3 g6 4. g3 Bg7 5. Bg2 d6 6. 0-0 Nf6 7. Nc3 0-0 8. Re1 Nd7 9. Ne2 f5 10. Ng5 Nf6 11. exf5 Bxf5 12. Nf4 Nd4 13. c3 h6 14. Nge6 Nxe6 15. Nxe6 Qd7 16. Nxf8 Rxf8 17. Be3 Bh3 18. Bh1 Ng4 19. Bg2 Bxg2 20. Kxg2 Qf5 21. Rf1 Qd5+ 22. Kg1 Qh5 23. h4 g5 24. Qe2 gxh4 25. gxh4 Qxh4 26. f3 Qg3+ 27. Kh1 Nxe3 28. Qxe3 Rf4 0-1

[Event "Dortmund op-B"]
[Site "Dortmund"]
[Date "2004.07.31"]
[Round "9"]
[White "Pertschik, Alexandr"]
[Black "Petz, Stephan"]
[Result "0-1"]
[WhiteElo "1675"]
[BlackElo "1788"]
[PlyCount "64"]
[EventDate "2004.07.??"]
[EventType "swiss"]
[EventRounds "9"]
[EventCountry "GER"]
[SourceTitle "EXT 2006"]
[Source "ChessBase"]
[SourceDate "2005.11.24"]
[SourceVersion "1"]
[SourceVersionDate "2005.11.24"]
[SourceQuality "1"]

1. d4 g6 2. e4 Bg7 3. f4 c5 4. Be3 Qb6 5. Nf3 Qxb2 6. Nbd2 cxd4 7. Rb1 dxe3 8. Rxb2 exd2+ 9. Qxd2 Bxb2 10. c3 Ba3 11. Qd4 f6 12. Bc4 Nc6 13. Qd5 e6 14. Qb5 Nh6 15. Nd4 0-0 16. 0-0 Nf7 17. Qb3 Bc5 18. Kh1 Nxd4 19. cxd4 Bxd4 20. f5 Re8 21. fxg6 hxg6 22. h4 Nd6 23. Bd3 Kg7 24. Qd1 Be5 25. Qg4 Rh8 26. g3 b6 27. Rd1 Bb7 28. Kg1 Rac8 29. Bb5 Rc3 30. Kf1 Rxg3 31. Qe2 Rxh4 32. Qf2 Rf4 0-1

[Event "Dortmund op-B"]
[Site "Dortmund"]
[Date "2004.07.25"]
[Round "3"]
[White "Petz, Stephan"]
[Black "Strathoff, Jens"]
[Result "1-0"]
[WhiteElo "1788"]
[BlackElo "1599"]
[PlyCount "39"]
[EventDate "2004.07.??"]
[EventType "swiss"]
[EventRounds "9"]
[EventCountry "GER"]
[SourceTitle "EXT 2006"]
[Source "ChessBase"]
[SourceDate "2005.11.24"]
[SourceVersion "1"]
[SourceVersionDate "2005.11.24"]
[SourceQuality "1"]

1. e4 e5 2. Nf3 Nc6 3. Bc4 Bc5 4. b4 Bxb4 5. c3 Ba5 6. d4 exd4 7. 0-0 d6 8. Qb3 Qe7 9. Re1 Bb6 10. Bb5 Bd7 11. e5 Nxe5 12. Nxe5 dxe5 13. Ba3 Qe6 14. Bc4 Qf6 15. Bxf7+ Kd8 16. Bxg8 c6 17. Nd2 Qf4 18. Ne4 d3 19. Rad1 d2 20. Rxd2 1-0

[Event "Dortmund op-B"]
[Site "Dortmund"]
[Date "2004.07.23"]
[Round "1"]
[White "Petz, Stephan"]
[Black "Draeger, Hubertus"]
[Result "1-0"]
[WhiteElo "1788"]
[BlackElo "1383"]
[PlyCount "83"]
[EventDate "2004.07.??"]
[EventType "swiss"]
[EventRounds "9"]
[EventCountry "GER"]
[SourceTitle "EXT 2006"]
[Source "ChessBase"]
[SourceDate "2005.11.24"]
[SourceVersion "1"]
[SourceVersionDate "2005.11.24"]
[SourceQuality "1"]

1. e4 c5 2. c3 Nc6 3. d4 cxd4 4. cxd4 d6 5. Nc3 e6 6. Nf3 Nf6 7. Bd3 Be7 8. 0-0 0-0 9. a3 a6 10. Bb1 b5 11. Qc2 e5 12. Rd1 Bg4 13. Be3 Bxf3 14. gxf3 g6 15. Ne2 Rc8 16. Qd3 Na5 17. b3 Nc6 18. Ba2 exd4 19. Nxd4 Ne5 20. Qe2 Qd7 21. Kh1 Kh8 22. a4 Qh3 23. Rg1 Qh5 24. axb5 axb5 25. Rg3 Nc6 26. Qb2 Ne5 27. Kg2 Nd3 28. Qd2 Ne5 29. Rh3 Nxf3 30. Nxf3 Qg4+ 31. Rg3 Qxe4 32. Bb1 Qc6 33. Bd4 Ra8 34. Qb2 Rxa1 35. Bxf6+ Bxf6 36. Qxf6+ Kg8 37. Qxa1 Ra8 38. Qf6 Re8 39. Qd4 Re1 40. Qd3 Rc1 41. Rg5 Rc3 42. Qe4 1-0

[Event "Suedwestfalen-ch U18"]
[Site "Meinerzhagen"]
[Date "2004.04.04"]
[Round "3"]
[White "Zhang, Fan"]
[Black "Petz, Stephan"]
[Result "1-0"]
[WhiteElo "1907"]
[BlackElo "1720"]
[PlyCount "81"]
[EventDate "2004.04.03"]
[EventType "tourn"]
[EventRounds "7"]
[EventCountry "GER"]
[SourceTitle "EXT 2006"]
[Source "ChessBase"]
[SourceDate "2005.11.24"]
[SourceVersion "1"]
[SourceVersionDate "2005.11.24"]
[SourceQuality "1"]

1. d4 g6 2. Nf3 Bg7 3. Bf4 c5 4. c3 cxd4 5. cxd4 d6 6. e3 Nc6 7. Nc3 Nf6 8. h3 0-0 9. Bc4 Bd7 10. 0-0 Na5 11. Bd3 Rc8 12. Rc1 Nc6 13. Bb1 h6 14. Qe2 Re8 15. Rfd1 e5 16. Bh2 a6 17. a3 Qa5 18. Ba2 b5 19. Bg3 b4 20. axb4 Qxb4 21. dxe5 dxe5 22. Rc2 Qa5 23. Rcd2 Rcd8 24. Rd6 e4 25. Nd4 Nxd4 26. R1xd4 Bb5 27. Nxb5 axb5 28. b4 Qa8 29. Rxd8 Rxd8 30. Rxd8+ Qxd8 31. Qxb5 Nh5 32. Qb8 Bf6 33. Be5 Ng7 34. Qxd8+ Bxd8 35. Bd5 Ne8 36. Bxe4 Nf6 37. Bc6 Nh7 38. b5 Nf8 39. Bd4 Ne6 40. Ba7 Kf8 41. b6 1-0

[Event "Suedwestfalen-ch U18"]
[Site "Meinerzhagen"]
[Date "2004.04.03"]
[Round "1"]
[White "Wiegelmann, Marcel"]
[Black "Petz, Stephan"]
[Result "1/2-1/2"]
[WhiteElo "1754"]
[BlackElo "1720"]
[PlyCount "29"]
[EventDate "2004.04.03"]
[EventType "tourn"]
[EventRounds "7"]
[EventCountry "GER"]
[SourceTitle "EXT 2006"]
[Source "ChessBase"]
[SourceDate "2005.11.24"]
[SourceVersion "1"]
[SourceVersionDate "2005.11.24"]
[SourceQuality "1"]

1. e4 c5 2. Nf3 d6 3. d4 cxd4 4. Nxd4 Nf6 5. Nc3 g6 6. Be2 Bg7 7. Be3 Nc6 8. 0-0 0-0 9. f4 Bd7 10. Bf3 Qc8 11. h3 Na5 12. e5 Ne8 13. Nd5 Qd8 14. exd6 Nxd6 15. Bf2 1/2-1/2

[Event "NRW Holiday U16"]
[Site "Wewelsburg"]
[Date "2003.09.10"]
[Round "6"]
[White "Petz, Stephan"]
[Black "Oczko, Moritz"]
[Result "1/2-1/2"]
[WhiteElo "1765"]
[BlackElo "1410"]
[PlyCount "33"]
[EventDate "2003.09.??"]
[EventType "swiss"]
[EventRounds "7"]
[EventCountry "GER"]
[SourceTitle "EXT 2005"]
[Source "ChessBase"]
[SourceDate "2004.11.15"]
[SourceVersion "1"]
[SourceVersionDate "2004.11.15"]
[SourceQuality "1"]

1. e4 e5 2. Nf3 Nf6 3. Nxe5 d6 4. Nf3 Nxe4 5. d4 d5 6. c4 c6 7. Bd3 Bd6 8. Nc3 Nxc3 9. bxc3 0-0 10. 0-0 Bg4 11. Re1 Nd7 12. Rb1 b6 13. Be2 Qc7 14. cxd5 cxd5 15. h3 Bf5 16. Bd3 Bxd3 17. Qxd3 1/2-1/2

[Event "NRW-ch U16"]
[Site "Kranenburg"]
[Date "2003.04.26"]
[Round "7"]
[White "Krug, Kevin"]
[Black "Petz, Stephan"]
[Result "0-1"]
[WhiteElo "1770"]
[BlackElo "1786"]
[PlyCount "66"]
[EventDate "2003.04.??"]
[EventType "swiss"]
[EventRounds "7"]
[EventCountry "GER"]
[SourceTitle "EXT 2005"]
[Source "ChessBase"]
[SourceDate "2004.11.15"]
[SourceVersion "1"]
[SourceVersionDate "2004.11.15"]
[SourceQuality "1"]

1. e4 c5 2. Nf3 d6 3. d4 cxd4 4. Nxd4 Nf6 5. Nc3 g6 6. Be3 Bg7 7. f3 0-0 8. Qd2 Nc6 9. Bc4 Bd7 10. 0-0-0 Rc8 11. Bb3 Ne5 12. h4 Nc4 13. Bxc4 Rxc4 14. h5 Nxh5 15. g4 Nf6 16. Qh2 Rxc3 17. bxc3 Qa5 18. Ne2 Rc8 19. Nf4 Qa3+ 20. Kd2 Qxc3+ 21. Ke2 Bb5+ 22. Kf2 Qb2 23. Kg3 Rc3 24. Nd5 Nxe4+ 25. Kh3 Rxc2 26. fxe4 Rxh2+ 27. Rxh2 Qa3 28. Rc2 Bc6 29. Kh4 e6 30. Bf4 exd5 31. exd5 Bd7 32. Re1 Bf6+ 33. g5 Qh3# 0-1

[Event "NRW-ch U16"]
[Site "Kranenburg"]
[Date "2003.04.24"]
[Round "5"]
[White "Verbeet, Richard"]
[Black "Petz, Stephan"]
[Result "1-0"]
[WhiteElo "1787"]
[BlackElo "1786"]
[PlyCount "47"]
[EventDate "2003.04.??"]
[EventType "swiss"]
[EventRounds "7"]
[EventCountry "GER"]
[SourceTitle "EXT 2005"]
[Source "ChessBase"]
[SourceDate "2004.11.15"]
[SourceVersion "1"]
[SourceVersionDate "2004.11.15"]
[SourceQuality "1"]

1. f4 d5 2. e3 d4 3. e4 e5 4. d3 Bb4+ 5. c3 dxc3 6. bxc3 Bd6 7. fxe5 Bxe5 8. Nf3 Qf6 9. d4 Bf4 10. Bc4 Bxc1 11. Qxc1 Qh6 12. Na3 c6 13. 0-0 Qxc1 14. Raxc1 Nf6 15. Ng5 0-0 16. Bxf7+ Kh8 17. Bb3 h6 18. Nf7+ Kh7 19. e5 Nd5 20. Nd6 Rd8 21. Rf7 Be6 22. Rxb7 Rf8 23. Bxd5 cxd5 24. Nab5 1-0

[Event "NRW-ch U16"]
[Site "Kranenburg"]
[Date "2003.04.22"]
[Round "3"]
[White "Petz, Stephan"]
[Black "Ratkovitch, Dimitri"]
[Result "0-1"]
[WhiteElo "1786"]
[BlackElo "1787"]
[PlyCount "120"]
[EventDate "2003.04.??"]
[EventType "swiss"]
[EventRounds "7"]
[EventCountry "GER"]
[SourceTitle "EXT 2005"]
[Source "ChessBase"]
[SourceDate "2004.11.15"]
[SourceVersion "1"]
[SourceVersionDate "2004.11.15"]
[SourceQuality "1"]

1. e4 d6 2. d4 Nf6 3. Bc4 g6 4. Nc3 Bg7 5. Nf3 0-0 6. Bg5 h6 7. Bf4 Nc6 8. Qd2 Kh7 9. h3 Nd7 10. g4 e5 11. Be3 exd4 12. Nxd4 Nde5 13. Be2 Nxd4 14. Bxd4 Bd7 15. 0-0-0 Nc6 16. Bxg7 Kxg7 17. f4 f6 18. Bc4 Na5 19. Bb5 Bxb5 20. Nxb5 Nc6 21. Nd4 Nxd4 22. Qxd4 Qe7 23. Rhe1 Rfe8 24. Rd3 Qe6 25. Kb1 b6 26. Rde3 Rad8 27. Qa4 a5 28. Qc6 d5 29. Qxc7+ Qf7 30. Qxf7+ Kxf7 31. exd5 Rxe3 32. Rxe3 Rxd5 33. Rd3 Rc5 34. c3 f5 35. Rd7+ Ke6 36. Rh7 fxg4 37. hxg4 h5 38. f5+ gxf5 39. Rh6+ Kf7 40. gxh5 b5 41. Rd6 f4 42. h6 Rf5 43. h7 Kg7 44. Rh6 Kh8 45. Rh2 f3 46. Rf2 Kxh7 47. Kc2 Kg6 48. Kd3 Kg5 49. Ke3 Kg4 50. Rh2 Kg3 51. Rh8 f2 52. Rg8+ Kh2 53. Rh8+ Kg1 54. Rg8+ Kf1 55. Rh8 Ke1 56. Rh1+ f1Q 57. Rxf1+ Rxf1 58. Kd4 Kd2 59. Kc5 Rf5+ 60. Kb6 b4 0-1

[Event "Hochsauerland-ch U16"]
[Site "Foeckinghausen"]
[Date "2003.01.03"]
[Round "1"]
[White "Cramer, Marius"]
[Black "Petz, Stephan"]
[Result "0-1"]
[WhiteElo "1191"]
[BlackElo "1757"]
[PlyCount "72"]
[EventDate "2003.01.??"]
[EventType "swiss"]
[EventRounds "5"]
[EventCountry "GER"]
[SourceTitle "EXT 2005"]
[Source "ChessBase"]
[SourceDate "2004.11.15"]
[SourceVersion "1"]
[SourceVersionDate "2004.11.15"]
[SourceQuality "1"]

1. e4 c5 2. Nf3 d6 3. Nc3 Nf6 4. d3 g6 5. Bg5 Bg7 6. g3 0-0 7. Bg2 Nc6 8. 0-0 Be6 9. d4 cxd4 10. Nxd4 Bg4 11. f3 Bd7 12. Qd2 Qb6 13. Be3 Nxe4 14. Nde2 Nxd2 15. Bxb6 Nxf1 16. Rxf1 axb6 17. f4 Bf5 18. Rc1 Nd4 19. Bxb7 Nxe2+ 20. Nxe2 Bxb2 21. Rb1 Rxa2 22. Bf3 Bxc2 23. Rf1 Ra1 24. Rxa1 Bxa1 25. Kg2 b5 26. g4 b4 27. Kg3 b3 28. h3 Bg7 29. Bd5 b2 30. Ba2 Ra8 31. Bd5 Ra3+ 32. Bf3 b1Q 33. g5 Qe1+ 34. Kh2 Rxf3 35. Kg2 Qf2+ 36. Kh1 Rxh3# 0-1

[Event "NRW-ch U16"]
[Site "Winterberg"]
[Date "2002.04.01"]
[Round "1"]
[White "Petz, Stephan"]
[Black "Fiebig, Thomas"]
[Result "0-1"]
[WhiteElo "1672"]
[BlackElo "1912"]
[PlyCount "64"]
[EventDate "2002.04.01"]
[EventType "swiss"]
[EventRounds "7"]
[EventCountry "GER"]
[SourceTitle "EXT 2003"]
[Source "ChessBase"]
[SourceDate "2002.11.25"]
[SourceVersion "1"]
[SourceVersionDate "2002.11.25"]
[SourceQuality "1"]

1. e4 e6 2. d4 d5 3. exd5 exd5 4. c4 Nf6 5. Nc3 Bb4 6. Bd3 0-0 7. a3 Ba5 8. Bg5 Qe8+ 9. Nge2 dxc4 10. Bxc4 Ne4 11. Bd2 Nxd2 12. Qxd2 Qc6 13. Bd5 Bxc3 14. Nxc3 Re8+ 15. Kd1 Qd6 16. Re1 Rd8 17. Qg5 c6 18. Ne4 Qf8 19. Nf6+ Kh8 20. Qh4 Bf5 21. Nxh7 Bxh7 22. Bxf7 Nd7 23. Bg6 Nf6 24. Re3 c5 25. Rd3 Rxd4 26. Rxd4 cxd4 27. g4 Kg8 28. Bxh7+ Nxh7 29. Kd2 Qf4+ 30. Ke2 Qe4+ 31. Kd2 Rc8 32. Rc1 Qf4+ 0-1

[Event "Suedwestfalen-ch U16"]
[Site "Hagen"]
[Date "2002.03.25"]
[Round "4"]
[White "Petz, Stephan"]
[Black "Bach, Jan Thies"]
[Result "1-0"]
[WhiteElo "1667"]
[BlackElo "1323"]
[PlyCount "51"]
[EventDate "2002.03.??"]
[EventType "tourn"]
[EventRounds "7"]
[EventCountry "GER"]
[SourceTitle "EXT 2003"]
[Source "ChessBase"]
[SourceDate "2002.11.25"]
[SourceVersion "1"]
[SourceVersionDate "2002.11.25"]
[SourceQuality "1"]

1. e4 d6 2. d4 g6 3. Bc4 Bg7 4. Nf3 Nf6 5. Nc3 Nbd7 6. Be3 Nb6 7. Bb3 Bg4 8. Qd2 Rc8 9. 0-0-0 c5 10. dxc5 dxc5 11. Qxd8+ Rxd8 12. Rxd8+ Kxd8 13. Bxc5 Nfd7 14. Ba3 Kc8 15. Kb1 e6 16. Ng5 f6 17. Nf7 Rf8 18. Bxf8 Bxf8 19. f3 Bxf3 20. gxf3 Nc5 21. Rd1 Kc7 22. Nb5+ Kc6 23. Nxa7+ Kc7 24. Nb5+ Kc6 25. c4 e5 26. Nd8# 1-0

[Event "Hochsauerland-ch U16"]
[Site "Winterberg"]
[Date "2002.01.02"]
[Round "1"]
[White "Schneider, Fabian"]
[Black "Petz, Stephan"]
[Result "0-1"]
[WhiteElo "1355"]
[BlackElo "1671"]
[PlyCount "70"]
[EventDate "2002.01.02"]
[EventType "swiss"]
[EventRounds "5"]
[EventCountry "GER"]
[SourceTitle "EXT 2005"]
[Source "ChessBase"]
[SourceDate "2004.11.15"]
[SourceVersion "1"]
[SourceVersionDate "2004.11.15"]
[SourceQuality "1"]

1. e4 c5 2. Nf3 d6 3. d4 cxd4 4. Nxd4 Nf6 5. Nc3 g6 6. f3 Bg7 7. Be3 Nc6 8. Be2 0-0 9. Qd2 Bd7 10. 0-0-0 Rc8 11. Bh6 Nxd4 12. Bxg7 Nxe2+ 13. Qxe2 Kxg7 14. Qe3 a6 15. Rd4 Qc7 16. Qd2 Be6 17. Rd1 b5 18. a3 Bc4 19. f4 Qa5 20. Qe1 b4 21. axb4 Qxb4 22. b3 Qa3+ 23. Kd2 Bb5 24. f5 Qc5 25. Nxb5 Qxc2+ 26. Ke3 Qxb3+ 27. R4d3 Qxb5 28. Rb1 Qc5+ 29. Ke2 Qc2+ 30. Ke3 Ng4+ 31. Kf4 Qxd3 32. Kxg4 h5+ 33. Kh4 Rc4 34. Qf1 Rxe4+ 35. Qf4 Rxf4+ 0-1